<?xml version="1.0" encoding="UTF-8"?><collection xmlns="info:lc/xmlns/marcxchange-v2"><record format="Unimarc" type="bibliographic"><leader>00820nam  2200241   450 </leader><controlfield tag="001">3118738</controlfield><controlfield tag="003">http://id.bnportugal.gov.pt/bib/porbase/3118738</controlfield><datafield ind1=" " ind2=" " tag="010"><subfield code="a">0-333-47403-1</subfield><subfield code="b">MacMillan)</subfield></datafield><datafield ind1=" " ind2=" " tag="010"><subfield code="a">0-393-02807-0</subfield><subfield code="b">W. W. Norton)</subfield></datafield><datafield ind1=" " ind2=" " tag="035"><subfield code="a">(bn)2049672</subfield></datafield><datafield ind1=" " ind2=" " tag="100"><subfield code="a">20200706d1990    m  y0pory01030103ba</subfield></datafield><datafield ind1="0" ind2=" " tag="101"><subfield code="a">eng</subfield></datafield><datafield ind1=" " ind2=" " tag="102"><subfield code="a">US</subfield></datafield><datafield ind1=" " ind2=" " tag="105"><subfield code="a">ag  z   001yy</subfield></datafield><datafield ind1=" " ind2=" " tag="106"><subfield code="a">r</subfield></datafield><datafield ind1="1" ind2=" " tag="200"><subfield code="a">Performance practice</subfield><subfield code="e">music before 1600</subfield><subfield code="f">ed. by Howard Mayer, Stanley Sadie</subfield></datafield><datafield ind1=" " ind2="9" tag="210"><subfield code="a">New York</subfield><subfield code="c">MacMillan</subfield><subfield code="d">1990</subfield></datafield><datafield ind1=" " ind2=" " tag="215"><subfield code="a">XI, [1], 281 p.</subfield><subfield code="c">il., not. mus.</subfield><subfield code="d">24 cm</subfield></datafield><datafield ind1="2" ind2=" " tag="225"><subfield code="a">?The ?new Grove hanbooks in music</subfield></datafield><datafield ind1=" " ind2=" " tag="317"><subfield code="a">Coleção Cremilde e Gerhard Doderer</subfield><subfield code="5">PTBN: DOD.MP. 1</subfield></datafield><datafield ind1=" " ind2="1" tag="702"><subfield code="a">Brown</subfield><subfield code="b">Howard Mayer</subfield><subfield code="f">1930-1993</subfield><subfield code="4">340</subfield><subfield code="3">2359224</subfield></datafield><datafield ind1=" " ind2="1" tag="702"><subfield code="a">Sadie</subfield><subfield code="b">Stanley</subfield><subfield code="f">1930-2005</subfield><subfield code="4">340</subfield><subfield code="3">1740516</subfield></datafield><datafield ind1=" " ind2="0" tag="801"><subfield code="a">PT</subfield><subfield code="b">BN</subfield><subfield code="g">RPC</subfield></datafield><datafield ind1=" " ind2=" " tag="966"><subfield code="l">BN</subfield><subfield code="m">MUSICA</subfield><subfield code="s">DOD</subfield><subfield code="x">3</subfield></datafield></record></collection>